Weihnachtsquiz: Gebäck - Statistiken

Allgemein
  • Dieses Quiz wurde 61 mal gespielt
  • Das Durchschnittsergebnis liegt bei 6 aus 8
Antwortstatistiken
Bildquiz Antwort % Korrekt
Spekulatius
98%
Stollen
93%
Zimtsterne
91%
Vanillekipferl
89%
Lebkuchen
88%
Kokosmakronen
77%
Engelsaugen
39%
Spitzbuben
11%
Keine übereinstimmenden Quizze gefunden
Verteilung der Resultate
Anzahl Personen mit jedem Resultat
Perzentil nach korrekt beantworteten Fragen
Ihre Resultats-Entwicklung
Sie haben dieses Quiz noch nicht gespielt